Test de rapidité : L’alphabet à l'envers - Statistiques

Statistiques générales
  • Ce quiz a été pris 118 fois
  • Le résultat moyen est 16 sur 26
Statistiques - réponses
Réponse % Correct
Z
98%
Y
94%
W
89%
X
87%
V
81%
U
79%
T
77%
R
70%
S
68%
Q
64%
P
62%
A
60%
O
57%
M
51%
E
49%
I
49%
F
47%
L
47%
B
45%
C
45%
D
45%
J
45%
N
43%
K
40%
G
38%
H
38%
Aucun quiz correspondant
Distribution des résultats
% des personnes avec chaque résultat
Percentile par nombre de réponses
Votre historique - résultats
Vous n’avez pas pris ce quiz